Movies Quiz

Random Movies or Lyrics Quiz

Finish the Disney Song II Quiz Stats

 Plays Quiz Updated Jul 8, 2017

Support Sporcle.
Go Orange.
Score 0/30 Timer 05:00
1 Play Today
Start of Title Rest of Title % Correct
Circle of _____Life
98.8%
Be Our _____Guest
94.3%
How Far I'll ____Go
92.9%
Under the _____Sea
91.9%
Whistle While You _____Work
89.7%
Friend Like _____Me
88.6%
Love is an Open _____Door
85.3%
A Girl Worth Fighting _____For
84.4%
Friends on the Other _____Side
82.1%
The Bare _____Necessities
81.8%
When Will My Life _____?Begin
78.8%
Someone's Waiting for _____You
74.7%
Go the _____Distance
73.5%
Just Around the _____Riverbend
69%
So This is _____Love
64.8%
Start of Title Rest of Title % Correct
Hawaiian Roller Coaster _____Ride
63.9%
Son of _____ Man
62.8%
I've Got No _____Strings
62.7%
Best of _____Friends
58.4%
Pink Elephants on _____Parade
51.1%
Little April _____Shower
48.9%
Following the _____Leader
48.1%
Baby _____Mine
45.8%
God Help the _____Outcasts
40.8%
Bella _____Notte
38.7%
Not in _____Nottingham
35.5%
Try _____Everything
35.3%
Scales and _____Arpeggios
27.7%
I'm _____Late
20.9%
Dalmatian _____Plantation
20.5%

You're not logged in!

Compare scores with friends on all Sporcle quizzes.
OR
Log In
Forgot?

From the Vault

Opening Lyrics - The Beatles

by Zeus12888

It's like The Beatles said, take a sad song and make it better.. or into a Sporcle quiz.
Remove Ads.
Support Sporcle.
Get the best of Sporcle when you Go Orange. This ad-free experience offers more features, more stats, and more fun while also helping to support Sporcle. Thank you for becoming a member.

Show Comments

Extras

Top Quizzes Today


Score Distribution

Your Account Isn't Verified!

In order to create a playlist on Sporcle, you need to verify the email address you used during registration. Go to your Sporcle Settings to finish the process.

Report this User

Report this user for behavior that violates our Community Guidelines.

Details: